| 000 | 00716nam a2200205 a 4500 | ||
|---|---|---|---|
| 001 | 001188013 | ||
| 003 | AM-YeHGA | ||
| 005 | 20250617152807.0 | ||
| 008 | 161109s1978 ||| r 000 0 rus d | ||
| 040 | _aAM-YeHGA | ||
| 041 | 0 | _arus | |
| 100 | 1 | _aГорький, Алексей Максимович | |
| 245 | 1 | 0 |
_aМать : _bРоман / _cМаксим Горький. |
| 260 |
_aКазань : _bТатар. кн. изд-во, _c1978. |
||
| 300 | _a319 с. | ||
| 653 | 0 | _aЖенщина в России (х. л.) | |
| 653 | 0 | _aРабочее движение в России, 20 в. (х. л.) | |
| 653 | 0 | _aРеволюционное движение в России, 20 в. (х. л.) | |
| 090 | _c379785 | ||
| 999 |
_c377873 _d377873 |
||